| 000 | 006200000a22002050004500 | ||
|---|---|---|---|
| 003 | LK-CoMWRAF | ||
| 005 | 20230923211144.0 | ||
| 008 | 230817t ||||| |||| 00| 0 eng d | ||
| 040 |
_aLK-CoMWRAF _dLK-CoMWRAF _eLK-CoMWRAF |
||
| 041 | _aeng | ||
| 082 |
_a220.6 _bBUC |
||
| 100 | _aBucaille, Maurice | ||
| 245 |
_aThe Bible, The Qur'an and Science : _bThe Holy scriptures examined in the light of modern knowledge |
||
| 260 |
_bTripoli : _aWorld Islamic call society |
||
| 300 | _ap.269 | ||
| 650 | _aQurʼan--Relation to the Bible | ||
| 650 | _aBible and science | ||
| 650 | _aQurʼan and science. | ||
| 942 | _cBK | ||
| 999 |
_c1627 _d1627 |
||